| 000 -LEADER |
| fixed length control field |
01429cam a2200325 i 4500 |
| 001 - CONTROL NUMBER |
| control field |
020885658 |
| 003 - CONTROL NUMBER IDENTIFIER |
| control field |
UkOxU |
| 005 - DATE AND TIME OF LATEST TRANSACTION |
| control field |
20230810160638.0 |
| 008 - FIXED-LENGTH DATA ELEMENTS--GENERAL INFORMATION |
| fixed length control field |
170324s2017 enk b 001 0 eng |
| 020 ## - INTERNATIONAL STANDARD BOOK NUMBER |
| International Standard Book Number |
9781138999015 |
| Qualifying information |
paperback |
| -- |
alkaline paper |
| 035 ## - SYSTEM CONTROL NUMBER |
| System control number |
(OCoLC)980301965 |
| 040 ## - CATALOGING SOURCE |
| Original cataloging agency |
DLC |
| Language of cataloging |
eng |
| Description conventions |
rda |
| Transcribing agency |
DLC |
| Modifying agency |
OCLCO |
| -- |
OCLCQ |
| -- |
OCLCF |
| -- |
YDX |
| -- |
YDX |
| -- |
OCLCO |
| -- |
UkOxU |
| -- |
KH8 |
| 042 ## - AUTHENTICATION CODE |
| Authentication code |
pcc |
| 082 00 - DEWEY DECIMAL CLASSIFICATION NUMBER |
| Classification number |
909.82 MCC |
| 100 1# - MAIN ENTRY--PERSONAL NAME |
| Personal name |
McCauley, Martin, |
| Relator term |
author. |
| 245 14 - TITLE STATEMENT |
| Title |
The Cold War 1949-2016 / |
| Statement of responsibility, etc. |
Martin McCauley. |
| 264 #1 - PRODUCTION, PUBLICATION, DISTRIBUTION, MANUFACTURE, AND COPYRIGHT NOTICE |
| Place of production, publication, distribution, manufacture |
Abingdon : |
| Name of producer, publisher, distributor, manufacturer |
Routledge, |
| Date of production, publication, distribution, manufacture, or copyright notice |
2017. |
| 264 #4 - PRODUCTION, PUBLICATION, DISTRIBUTION, MANUFACTURE, AND COPYRIGHT NOTICE |
| Date of production, publication, distribution, manufacture, or copyright notice |
©2017 |
| 300 ## - PHYSICAL DESCRIPTION |
| Extent |
xiii, 377 pages ; |
| Dimensions |
6.14 x 0.89 x 9.21 inches. |
| Other physical details |
illustrations, maps ; |
| 336 ## - CONTENT TYPE |
| Content type term |
text |
| Source |
rdacontent |
| 337 ## - MEDIA TYPE |
| Media type term |
unmediated |
| Source |
rdamedia |
| 338 ## - CARRIER TYPE |
| Carrier type term |
volume |
| Source |
rdacarrier |
| 500 ## - GENERAL NOTE |
| General note |
Includes Index |
| 504 ## - BIBLIOGRAPHY, ETC. NOTE |
| Bibliography, etc. note |
Includes bibliographical references and index. |
| 505 0# - FORMATTED CONTENTS NOTE |
| Formatted contents note |
Origins of the Cold War -- The Cold War -- To the brink and back 1953-1962 -- The US and the Soviet Union in the third world -- The Sino-Soviet schism -- Cuba, Vietnam and Indonesia -- The war of cultures -- The Prague Spring -- Détente 1969-1979 -- The Islamic challenge: Iran and Afghanistan -- Cambodia-Kampuchea -- Post-détente 1979-1985 -- Gorbachev and the end of the Cold War -- The judgement -- The post-Cold War world. |
| 650 #0 - SUBJECT ADDED ENTRY--TOPICAL TERM |
| Topical term or geographic name entry element |
Cold War. |
| 650 #0 - SUBJECT ADDED ENTRY--TOPICAL TERM |
| Topical term or geographic name entry element |
World politics |
| Chronological subdivision |
1945-1989. |
| 650 #0 - SUBJECT ADDED ENTRY--TOPICAL TERM |
| Topical term or geographic name entry element |
World politics |
| Chronological subdivision |
1989- |
| 942 ## - ADDED ENTRY ELEMENTS (KOHA) |
| Source of classification or shelving scheme |
|
| Koha item type |
Teaching Resources |